Fauna ČSSR

Bibliographic Details
Main Author: Landa, Vladimír (Author)
Format: Book
Language:Undetermined
PhysicalDescription:347 s.
Published: Praha Academia 1969

MARC

LEADER 00000nam a2200000 a 4500
001 vtls001403035
003 SK-MaSNL
005 20260301161919.0
008 240318s1969 xx 0 und
035 |a SNK000357585 
040 |a SNK  |b slo  |c SNK  |e AACR2 
100 1 |a Landa, Vladimír  |4 aut  |9 517615 
245 1 0 |a Fauna ČSSR 
260 |a Praha  |b Academia  |c 1969 
300 |a 347 s. 
958 |a OND 
999 |c 811293  |d 813223 
952 |a SNK  |b SNK  |y NEVYP  |7 0  |p 17A0262522  |o snkIC 45527 D1  |0 0  |1 1  |4 0  |d 2000-12-15  |l 0  |r 2005-01-02 00:00:00  |w 2026-02-24